00234nam a2200085Ia 4500008004100000082002000041100002100061245003000082260003600112220204s9999 xx 000 0 und d a631/635bADv.72 aSparks, Donald L 0aAdvances in agronomy V.72 aSan DiegobAcademic Pressc2001